| 000 | 01208nam a2200121Ia 4500 | ||
|---|---|---|---|
| 008 | 220620s9999||||xx |||||||||||||| ||und|| | ||
| 245 | 0 | _aRemotely Sensed Albedo | |
| 546 | _aEnglish[eng] | ||
| 650 | _asurface albedo||urbanization||vegetation variation||climate change||DMSP||albedo||land use||remote sensing||Unmanned Aerial Vehicles||vegetation indices||snow||climate||Unmanned Aerial Vehicle (UAV)||landscape||consumer-grade camera||radiometric calibration||sea ice||VIIRS||Arctic||PROMICE||GC-NET||validation||AVHRR||BRDF||MODIS||VJB||LTDR||directional correction||spatial representativeness||semivariogram||Landsat||HLS||Sentinel 2||SURFRAD||OzFlux||directional hemispherical reflectance||bi-hemispherical reflectance||tower albedometer||CGLS||MISR||upscaling||bare soil albedo||MODIS albedo||contiguous United States||soil line||Landsat albedo||soil moisture||land surface albedo||time series||high spatio-temporal resolution||EnKF||spectral unmixing||empirical modeling||linear endmember||forest cover||forest management||forest structure||BRDF/Albedo||NDSI Snow Cover||n/a | ||
| 700 | _aLiang, Shunlin||Roujean, Jean-Louis||He, Tao | ||
| 856 | _uhttps://mdpi.com/books/pdfview/book/3421 | ||
| 942 | _cEB | ||
| 999 |
_c31169 _d31169 |
||